Normal view
MARC view
- Cramer, Fugene H
Entry Personal Name
001 - CONTROL NUMBER
- control field: 4474
003 - CONTROL NUMBER IDENTIFIER
- control field: OSt
005 - DATE AND TIME OF LATEST TRANSACTION
- control field: 20211214154631.0
008 - FIXED-LENGTH DATA ELEMENTS
- fixed length control field: 211214|| aca||aabn | a|a d
040 ## - CATALOGING SOURCE
- Original cataloging agency: OSt
- Transcribing agency: OSt
100 ## - HEADING--PERSONAL NAME
- Personal name: Cramer, Fugene H
670 ## - SOURCE DATA FOUND
- Source citation: Work cat.: (OSt)3573: Cramer, Fugene H., Fostering The Love Of Reading : The Effective Domain in Reading Education / , c1994
